|
|
|
|
| LEADER |
00660cam a2200181 7i4500 |
| 001 |
0000052431 |
| 005 |
20190424090000.0 |
| 020 |
|
|
|a 9780844259185 (pbk.)
|
| 020 |
|
|
|a 0844259187 (pbk.)
|
| 090 |
0 |
0 |
|a PE1127.S6
|b E39 1997
|
| 100 |
1 |
|
|a Evans, Faun Bernbach
|
| 245 |
1 |
2 |
|a A world of diversity :
|b multicultural readings in the news
|c Faun Bernbach Evans.
|
| 260 |
|
|
|a Lincolnwood, Illinois:
|b NTC Publishing Group,
|c 1997.
|
| 300 |
|
|
|a xii, 273 p.;
|c 23 cm.
|
| 650 |
0 |
0 |
|a Pluralism (Social sciences)
|
| 650 |
0 |
0 |
|a Readers --
|x Social sciences
|
| 650 |
0 |
0 |
|a English language --
|x Composition and exercises
|
| 999 |
|
|
|a 0000066112
|b BOK
|c OPEN SHELF
|e 1st Floor, Bestari Jaya
|